| 000 | 01150nam a2200265 a 4500 | ||
|---|---|---|---|
| 001 | BRCA_4020 | ||
| 005 | 20190320204521.0 | ||
| 008 | 250110s2009----enka######---#000-0#eng-# | ||
| 041 | _aeng | ||
| 044 | _aenk | ||
| 050 | 4 |
_aNK4340 _b.P57 2009 |
|
| 100 | 1 |
_aPirouz-Moussavi, Farzaneh _910451 |
|
| 245 | 1 | 0 |
_aFortunes and Circumstances _ban Examination of the Talavera Industry of Puebla. |
| 260 |
_aOxford, Inglaterra _c2009 |
||
| 300 |
_a2 v. _bil. a color _e8 hojas sueltas que contienen un listado de obras de la colección Franz Mayer en v.1 |
||
| 500 | _aIncluye glosario, calendario cronológico: México después de la conquista y lista de ilustraciones | ||
| 500 | _aIncluye piezas de la colección Franz Mayer: p. 2, 99, 121-124, 149-150, 152-153, 199-202, 208, 271-272, 279, 331, 333 y 338 | ||
| 502 | _aTesis Doctorado (Doctor en Filosofía) Universidad de Oxford | ||
| 504 | _aIncluye referencias bibliográficas | ||
| 650 | 1 | 4 |
_aTalavera de puebla _xIndustria _zMéxico _910452 |
| 650 | 1 | 4 |
_aTalavera poblana _xIndustria _zMéxico _910453 |
| 650 | 1 | 4 |
_aCerámica mexicana _zPuebla, México _910454 |
| 902 | _aTES | ||
| 942 |
_2lcc _cTES |
||
| 999 |
_c3745 _d3745 |
||